Statistics for Movie Titles with Shared First Words #6

Click here to take the quiz!

General Stats

  • This quiz has been taken 2,408 times
  • The average score is 16 of 24

Answer Stats

Ends Of Movie TitlesFirst Word% Correct
Mr. Banks, Private RyanSaving
96%
Doesn't Live Here Anymore, In WonderlandAlice
95%
Been Kissed, Say Never AgainNever
94%
Bought A Zoo, Need To Talk About KevinWe
92%
The President's Men, About EveAll
85%
Which Way You Can, Given SundayAny
80%
The Wild, The WoodsInto
79%
Married, Go With It, Like HeavenJust
74%
Of Persia: The Sands Of Time, Of DarknessPrince
74%
Confidential, StoryL.A.
73%
The Waterfront, Golden PondOn
72%
Indemnity, JeopardyDouble
71%
Pounds, SamuraiSeven
69%
Girls, StreetsMean
68%
Legged Freaks, BelowEight
67%
And Misdemeanors, Of PassionCrimes
61%
Arizona, CainRaising
55%
Cowboy, Run, ExpressMidnight
54%
Misty For Me, It To The BonePlay
46%
House, TripRoad
45%
Of A Teenage Drama Queen, Of A Dangerous MindConfessions
40%
And Day, Of CupsKnight
38%
Falls, DriveMulholland
30%
Target, Eight, RainHard
26%

Score Distribution

Percentile by Number Answered

Percent of People with Each Score

Your Score History

You have not taken this quiz